Loading...
| Fine Arts - Painting and Sculpture | 1 | 2 | 0 | 0 | 35 | 27 | 78.67 | 1 | 1 | 13.70 | 15.28 |
| Literature - British | 0 | 2 | 0 | 1 | 20 | 107 | 121.00 | 0 | 0 | 2.78 | 6.94 |
| Mythology | 0 | 2 | 0 | 1 | 20 | 79 | 105.50 | 0 | 1 | 4.44 | 11.11 |
| Social Science | 1 | 1 | 1 | 0 | 20 | 56 | 70.50 | 0 | 1 | 10.81 | 13.89 |
| Fine Arts - Other | 1 | 0 | 0 | 0 | 15 | 74 | 74.00 | 0 | 1 | 4.83 | 8.33 |
| History - World | 0 | 1 | 0 | 1 | 10 | 111 | 111.00 | 0 | 0 | 0.66 | 1.39 |
| History - American | 0 | 1 | 0 | 0 | 10 | 88 | 88.00 | 0 | 0 | 2.68 | 4.17 |
| Literature - World | 0 | 1 | 0 | 0 | 10 | 128 | 128.00 | 0 | 0 | 1.57 | 2.78 |
| Current Events | 0 | 0 | 1 | 0 | -5 | 0.00 | 0 | 0 | 0.00 | 0.00 |